000 01619cam a2200205 4500500
005 20260111144542.0
041 _afre
042 _adc
100 1 0 _aBiren, Aude
_eauthor
245 0 0 _aGenre, clichés, stéréotypes : la parole donnée aux enfants
260 _c2016.
500 _a18
520 _aL'analyse des écarts d'orientation scolaire entre filles et garçons ou les disparités dans le monde du travail témoignent d'une socialisation encore fortement différenciée et stéréotypée. L'environnement social, familial et éducatif contribue, même inconsciemment, à transmettre aux enfants des clichés genrés. Sur cette problématique, la compagnie Entrées de jeu a créé un débat théâtral soutenu par la fédération de Paris de la Ligue de l'enseignement à destination de classes du cycle 2 de l'école primaire. Dans un premier temps, l'article décrit le processus d'élaboration de ce débat théâtral ; dans un second temps, il rend compte de façon empirique de certaines séances en présentant une typologie de réactions et de propositions d'enfants. Ce relevé permet enfin d'envisager l'écart entre leurs représentations sur les stéréotypes de genre et nos représentations d'adultes médiateurs sur les objectifs de l'action mise en place.
690 _aclichés
690 _adébat théâtral
690 _aoutil éducatif.
690 _astéréotypes de genre
786 0 _nLe français aujourd'hui | 193 | 2 | 2016-07-01 | p. 87-96 | 0184-7732
856 4 1 _uhttps://shs.cairn.info/revue-le-francais-aujourd-hui-2016-2-page-87?lang=fr&redirect-ssocas=7080
999 _c1636178
_d1636178